000
00261nam a22001217a 4500
082
_a
823
_b
RAJ/R
100
_a
RAJA, SUNDARA
245
_a
REFLECTIONS
260
_a
CALICUT
_b
UNIVERSITY PRESS
_c
1998
300
_a
71
650
_a
ENGLISH STORY
_z
INDIA
942
_c
BK
999
_c
7386
_d
7386